| 000 | 00808cab a22001935a 4500 | ||
|---|---|---|---|
| 001 | L154702 | ||
| 008 | 120116e20120106xxk 000 0 eng d | ||
| 035 | _a(Sirsi) u154702 | ||
| 041 | 0 | _aeng | |
| 100 | 1 | _aWhitmore, James | |
| 245 | 0 | 0 | _aYear of two halves for listed property in 2011 |
| 260 | _c2012 | ||
| 490 |
_aProperty Week _v78(01) 6 January 2012, 16(1) |
||
| 520 | _aSummarises the listed property share sector performance in 2011 as beginning brightly and ending gloomily with debt and development concerns causing share prices to fall by more than 11%. Only seven listed property companies enjoyed a share price rise in 2011. Table lists the top 40 performers led by Capital & Counties. | ||
| 590 | _aKA | ||
| 651 | 4 |
_aUnited Kingdom _y |
|
| 690 |
_aCommercial property _96227 |
||
| 942 | _n0 | ||
| 999 |
_c83708 _d83708 |
||